[Event "African Online-ch Open 2021"]
[Site "Online"]
[Date "2021.02.01"]
[Round "4.16"]
[White "Cambando, Jose"]
[Black "Singe, Philip Mbawala"]
[Result "1-0"]
[WhiteElo "2128"]
[BlackElo "1857"]
[Annotator "TA"]
[PlyCount "151"]
[EventDate "2021.02.01"]
[EventType "swiss"]
[EventCountry "NET"]
[SourceTitle "playchess.com"]
[Source "ChessBase"]
[SourceQuality "1"]

{[%evp 14,151,2,-18,-7,-18,25,27,31,10,80,56,81,93,120,83,145,86,136,119,164,124,142,117,185,170,200,195,235,228,220,0,0,-184,0,-95,82,71,382,333,332,135,133,-11,-12,-40,0,-70,-21,-142,37,40,39,54,198,66,59,70,185,0,266,276,322,237,259,251,225,221,270,275,249,77,80,60,95,46,74,79,129,124,128,128,103,137,183,72,120,84,69,0,543,527,449,0,0,0,75,91,180,40,40,0,0,0,0,0,0,0,1623,1506,1141,0,0,0,0,0,0,0,0,0,20,0,20,0,0,-79,0,0,0,0,20,0,0,0,0,0,0,0,0,0]} 1. Nf3 Nf6 2. g3 d5 3. Bg2 g6 4. O-O Bg7 5. d3 O-O 6. Nbd2 Nbd7 7. c4 c6 8. Rb1 Re8 {A07: Réti Opening: New York and Capablanca Systems.} 9. b4 dxc4 10. Nxc4 Nb6 {White has an edge.} 11. Na5 {[#]} Nbd5 $146 (11... Nfd5 $11) ({Predecessor:} 11... Nfd5 12. Bb2 Nc3 13. Bxc3 Bxc3 14. Qb3 Bf6 15. d4 Rb8 16. Rfd1 Be6 17. Qc2 Qc8 {½-½ (69) Zivkovic,Z-Gajic,G Serbia 2007}) 12. Bd2 a6 13. Qc2 e6 14. Rfc1 Bf8 (14... e5 $142) 15. a3 (15. d4 $142) 15... Nd7 16. d4 Nc7 17. a4 $1 Nd5 18. Qb3 N7f6 (18... N5f6 $16) 19. Ne5 $18 Qb6 20. e3 h5 21. h3 Nd7 22. Naxc6 $2 (22. e4 $18) 22... bxc6 $11 23. Rxc6 $2 (23. Nxc6 $11 {and White is okay.} Bg7 24. b5 axb5 25. e4) 23... Qa7 $2 (23... Qb7 $19 {And now ...Nxe5 would win.} 24. Rbc1 Nxe5 25. dxe5 Bxb4 26. Bxd5 Bxd2 27. Rxe6 Bxe6 28. Qxb7 Bxd5 {[%mdl 64] Discovered Attack} 29. Qxd5 Bxc1) 24. Nxg6 fxg6 $2 (24... Bb7 $17 25. Bxd5 exd5) 25. Bxd5 Nc5 {[%mdl 8192]} 26. dxc5 exd5 27. Qxd5+ (27. Rxg6+ $18 Kh7 28. Rf6) 27... Kh7 28. Rf6 (28. Rb6 $1 $16) 28... Bg7 29. Rd6 Bxh3 30. e4 (30. Rc1 $11) 30... Qe7 $1 $15 31. f3 (31. Bg5 $1 $11 {keeps the balance.} Qxe4 32. Qxe4 Rxe4 33. b5) 31... Qe5 $2 (31... Be5 $17 32. Rc1 Rad8) 32. Bf4 $36 {[%mdl 2048] White is more active.} Qxd5 33. Rxd5 Re7 (33... Be6 $14) 34. Kh2 ({Better is} 34. c6 $18) 34... Be6 35. Rd6 Bh6 (35... Ree8 $14) 36. Rb2 $2 (36. Bxh6 $18 Kxh6 37. c6) 36... Bxf4 {[%mdl 8192]} (36... Bg7 $11 {and Black has nothing to worry.} 37. Rb1 Bf6) 37. gxf4 $18 Bc4 38. Rd4 Bf7 39. b5 Be8 40. c6 axb5 41. axb5 Rb8 {Threatening ...Bxc6.} 42. Rbb4 $2 (42. Rc2 $1 $18 {is the precise move to win.} Rc7 43. Rc5) 42... Rc7 $16 43. Kg3 {[%mdl 1024] White has strong compensation.} Kg7 $1 44. e5 Kf7 45. Kh4 Ke6 46. Kg5 $1 Ke7 47. f5 gxf5 48. Kxf5 Rb6 49. Kg5 (49. f4 $18) 49... Ke6 50. f4 {Black must now prevent f5+.} Rg7+ 51. Kh6 (51. Kh4 $1 $14 Rc7 52. Rb1 (52. Rd6+ Ke7 $16)) 51... Rc7 $2 {[%mdl 8192]} (51... Rg6+ $1 $11 {and Black stays safe.} 52. Kh7 Kf5) 52. Rd6+ $18 Ke7 {[%cal Rc7c6]} 53. Rdd4 $2 (53. f5 $1 $18 {[%cal Rf5f6]} Kf7 54. Rf6+ (54. Kxh5 Rcxc6 55. bxc6 Rxb4 $14) 54... Kg8 55. Rb1 Rh7+ 56. Kg5 Rg7+ 57. Kf4) 53... Ke6 $11 54. Kg5 (54. Rb1 $11) 54... Rg7+ $16 55. Kh4 $1 {Threatens to win with Rd6+.} Rc7 56. Rd6+ ({White should play} 56. Rb2 $1 $18) 56... Ke7 $14 {[%cal Rc7c6]} 57. f5 {Hoping for Rdd4.} Rcxc6 $1 58. f6+ Kf7 59. bxc6 Rxb4+ $11 {[%mdl 4096] Endgame KRB-KR} 60. Kg5 Rg4+ $2 {[%mdl 8192]} (60... Rb5 $11 61. Kf5 Rc5) 61. Kf5 $18 Rc4 {[#]} 62. e6+ $2 (62. Rd7+ $1 $18 {[%mdl 512]} Kf8 63. Rh7) 62... Kf8 $11 63. Rd8 Rc5+ 64. Ke4 {Intending f7 and mate.} Rxc6 65. Kd5 Rc1 66. Ke5 {White wants to mate with f7.} (66. Rb8 {feels hotter.} Rd1+ 67. Ke5 Re1+ 68. Kf5 Rf1+ 69. Ke5) 66... Rc7 (66... Re1+ {seems wilder.} 67. Kf5 Rf1+ 68. Kg5 Rg1+ 69. Kf5 Rf1+) 67. Kf5 Ra7 68. Kg5 Ra5+ 69. Kh6 {[#]} (69. Kf4 $11 {remains equal.} Ra4+ 70. Kf5 Ra5+ 71. Kf4 Ra4+ 72. Kg5 Ra5+ 73. Kf4) 69... Ra7 ({Black should try} 69... Ra6 $1 $17 {[%cal Ra6e6]} 70. e7+ Kf7 71. Kxh5 Rxf6) 70. Kg5 {The position is equal.} Ra5+ 71. Kf4 {f7 would kill now.} Ra7 (71... Ra4+ {is more complex.} 72. Kg5 Ra5+) 72. Rb8 Ra4+ 73. Kg5 Ra5+ 74. Kf4 {White threatens f7 and mate.} Ra4+ 75. Kg3 {Threatening mate with f7.} Ra7 (75... Re4 $5 76. f7 $8 {[%mdl 64] Pin} Rxe6 77. fxe8=N (77. fxe8=Q+ Rxe8 78. Rxe8+ Kxe8 $11) 77... Rxe8 78. Rxe8+ Kxe8 $11) 76. Kh4 {[%mdl 32768] Weighted Error Value: White=0.58/Black=0.59. Sensor Board Error (Ke4/e5)?} 1-0

[Event "African Online-ch Open 2021"]
[Site "Online"]
[Date "2021.02.01"]
[Round "4.17"]
[White "Alberto, Manuel"]
[Black "Libe, Sofonea"]
[Result "1-0"]
[WhiteElo "2167"]
[BlackElo "1509"]
[Annotator "TA"]
[PlyCount "79"]
[EventDate "2021.02.01"]
[EventType "swiss"]
[EventCountry "NET"]
[SourceTitle "playchess.com"]
[Source "ChessBase"]
[SourceQuality "1"]

{[%evp 19,79,39,98,101,201,201,201,201,201,206,208,206,208,209,211,191,206,204,235,235,235,212,210,214,263,207,209,185,293,264,314,233,172,180,181,166,159,150,876,862,6395,5483,29994,29990,29991,29992,29992,29993,29993,29985,29985,29986,29986,29979,29986,29979,29988,29989,29989,29990,29990,29991]} 1. e4 c5 2. Nf3 d6 3. d4 cxd4 4. Qxd4 Nc6 5. Bb5 Bd7 6. Bxc6 Bxc6 7. Nc3 e5 8. Qd3 Nf6 9. Bg5 Be7 10. O-O-O Qc7 ({Better is} 10... Ng4 $14 11. Qd2 f6) 11. Bxf6 $16 {B53: Sicilian: 2...d6: Lines with Qxd4.} gxf6 (11... Bxf6 $16 12. Qxd6 Qxd6 13. Rxd6 Be7) 12. Nh4 $18 O-O-O 13. Nf5 {White is clearly better.} Bf8 14. Nd5 Bxd5 15. Qxd5 h5 16. Rd3 {[#] Threatens to win with Rc3.} Kb8 17. Rc3 Qd7 18. Rd1 {[#]} Bh6+ $146 ({Predecessor:} 18... Qe6 19. Qa5 Be7 20. Qc7+ Ka8 21. Nxe7 a6 22. Nd5 Rc8 23. Nb6+ {1-0 (23) Millan Hernandez,M (1797)-Franzoni Ladron,E (1780) Barcelona 2016}) 19. Kb1 Bf8 20. Rb3 Rg8 21. g3 b6 22. Rdd3 Qb7 23. Qc4 Rg4 (23... d5 {is a better defense.} 24. Rxd5 Rxd5 25. exd5 (25. Qxd5 Qxd5 26. exd5 Bc5 $16) 25... Qd7) 24. f3 Rg5 25. a4 d5 26. Qb5 Bc5 {White should prevent ...a6.} 27. Rd1 d4 28. a5 Qd7 $2 (28... Rgg8 $16 29. axb6 axb6) 29. Qxc5 Ka8 30. axb6 Rb8 31. Rdd3 {White mates.} Rgg8 32. bxa7 Rxb3 33. Rxb3 Rc8 {[#]} 34. Qxc8+ $3 {[%mdl 64] Remove Defender, Promotion} Qxc8 35. Rb8+ Qxb8 36. axb8=Q+ Kxb8 {KN-KP} 37. Ng7 h4 38. gxh4 Kc7 39. h5 Kd7 40. h6 {Black did not feel at home in the position after the opening.  Weighted Error Value: White=0.11/Black=0.31} 1-0

[Event "African Online-ch Open 2021"]
[Site "Online"]
[Date "2021.02.01"]
[Round "4.18"]
[White "Mwashe, Philip"]
[Black "Hemam, Moulaye Brahim"]
[Result "0-1"]
[WhiteElo "1756"]
[BlackElo "2046"]
[Annotator "TA"]
[PlyCount "54"]
[EventDate "2021.02.01"]
[EventType "swiss"]
[EventCountry "NET"]
[SourceTitle "playchess.com"]
[Source "ChessBase"]
[SourceQuality "1"]

{[%evp 9,54,42,68,-44,-17,-14,-15,-25,-10,-29,0,-17,0,-27,6,0,24,0,10,-47,-30,-100,-16,-18,-25,-96,-74,-173,-71,-83,-80,-78,-80,-99,-103,-133,-125,-130,-133,-497,-491,-617,-617,-960,-940,-1056,-1067]} 1. e4 d6 2. d4 Nf6 3. Bd3 e5 4. c3 d5 5. dxe5 dxe4 6. exf6 {B07: Pirc Defence: Miscellaneous Systems.} (6. Bb5+ $14 c6 7. Qxd8+ Kxd8 8. exf6 cxb5 9. Nd2) 6... exd3 7. fxg7 Bxg7 {[#]} 8. Nf3 $146 {The position is equal.} ({Predecessor:} 8. Be3 Nc6 9. Nf3 Bg4 10. Nbd2 Qd5 11. Qa4 Bd7 12. Qe4+ Qxe4 13. Nxe4 O-O-O 14. Kd2 {0-1 (25) Algaba,P (1892)-Bruneau,F (2032) Avoine 2010}) 8... Be6 9. O-O O-O 10. h3 Re8 11. Bg5 Qd6 12. Nbd2 Nd7 13. Re1 c5 14. Bh4 (14. Ne4 $11 Qd5 15. c4) 14... Qb6 15. Ng5 {[#]} (15. Re3 $11 {keeps the balance.}) 15... Bf5 ({Black should play} 15... Bd5 $1 $17 16. c4 Rxe1+ 17. Qxe1 Bc6) 16. Qb3 $11 ({Not} 16. Qh5 $2 Bg6 $19) 16... Bg6 17. Qxb6 (17. f4 $11) 17... Nxb6 (17... axb6 {feels hotter.} 18. a3 f6 19. Nge4 Bh6 20. g4 b5) 18. Nge4 (18. g4 $17) 18... Na4 (18... Bxe4 $19 19. Rxe4 f5) 19. Nf6+ $17 Bxf6 20. Bxf6 Re2 21. Rxe2 dxe2 22. b3 {[#]} Re8 $1 23. Nf3 Nb2 {And now ...Be4 would win.} 24. Ne1 $2 {[%mdl 8192] This move loses the game for White.} (24. c4 $17 {is a better chance.} Nd1 25. Ne1) 24... Re6 $19 {Black is clearly winning.} 25. Bg5 {[#]} Rd6 $1 {[%cal Rd6d1] ...Rd1 is the strong threat.} 26. Rc1 Rd1 27. f3 Nd3 {Weighted Error Value: White=0.79/Black=0.19} 0-1

[Event "African Online-ch Open 2021"]
[Site "Online"]
[Date "2021.02.01"]
[Round "4.19"]
[White "Khalema, Sechaba"]
[Black "Sang, Ricky"]
[Result "1/2-1/2"]
[WhiteElo "1827"]
[BlackElo "1991"]
[Annotator "TA"]
[PlyCount "90"]
[EventDate "2021.02.01"]
[EventType "swiss"]
[EventCountry "NET"]
[SourceTitle "playchess.com"]
[Source "ChessBase"]
[SourceQuality "1"]

{[%evp 20,90,0,0,32,0,56,52,30,33,41,47,47,-12,-14,-9,-11,-18,39,39,47,43,43,43,43,18,44,47,62,0,103,100,138,28,37,28,18,16,17,2,3,0,0,0,0,0,0,0,0,0,12,20,112,95,93,93,102,0,9,0,0,0,0,0,0,0,0,0,0,0,0,0,0]} 1. d4 d5 2. c4 dxc4 3. e3 Nf6 4. Bxc4 e6 5. Nf3 c5 6. O-O Be7 7. Qe2 O-O 8. Nc3 a6 9. a4 Nc6 10. Rd1 Qc7 11. Bd2 b6 {is the legacy move (11...Rd8). D27: Queen's Gambit Accepted: Classical main line: 7 e4!? and 7 a4.} 12. Be1 (12. d5 $5 {[%cal Rd5c6]} Na5 13. Ba2 $11) 12... Rd8 (12... Nb4 $11) 13. d5 $1 $14 {[%cal Rd5c6]} exd5 {White is slightly better.} 14. Nxd5 Nxd5 15. Bxd5 Bb7 {[#]} 16. Qc4 $146 (16. Bc3 $14) ({Predecessor:} 16. Bc3 h6 17. Qc4 Bf8 18. Qg4 b5 19. e4 Qe7 20. Qg3 Rab8 21. Bd2 Nd4 22. Nxd4 cxd4 23. Bf4 Rbc8 24. Rxd4 Bxd5 25. exd5 Rc4 26. Qd3 Qb4 {½-½ (26) Stempin,P (2400)-Adamski,J (2460) Naleczow 1984}) 16... Bf6 $11 17. Bc3 Bxc3 18. Qxc3 {[#]} Nb4 (18... Nd4 $1 $11 19. Bxf7+ Qxf7 20. exd4 Bxf3 21. gxf3 Rd5) 19. Bxb7 $14 Qxb7 20. a5 Rac8 21. axb6 Qxb6 22. Qc4 h6 23. h3 Qb5 24. Qh4 (24. Ne5 $14 Qxc4 25. Nxc4) 24... Rd3 (24... Rxd1+ $11 25. Rxd1 Nd3) 25. Ne5 $16 Rd5 26. Qf4 (26. Rxd5 $16 Nxd5 27. Nxf7 $1) 26... Qb7 27. Nc4 Rcd8 28. Rxd5 Qxd5 29. Qh4 Re8 {Threatens to win with ...Re4.} 30. Nb6 Qb3 31. Qc4 Qxb2 32. Rf1 Nd3 33. Qxa6 Ne5 34. Qa4 Re6 (34... Rd8 {is more complex.} 35. Nd5 Qb7 36. e4 Rb8 37. Qa3 Qb5) 35. Nd5 Qd2 (35... Kh7 $11) 36. Rd1 Qb2 {[#]} 37. Nf4 $1 Rf6 38. Qe8+ (38. Rd5 $16 {Black must now prevent Qe8+.} Ng6 39. Qe4 (39. Rxc5 Nxf4 40. exf4 Re6 $16)) 38... Kh7 $11 {The position is equal.} 39. Rd8 {[%csl Gd8][%cal Re8h8]} Rxf4 $1 40. exf4 {[%mdl 4096] Endgame KQR-KQN} (40. Qh8+ {keeps more tension.} Kg6 41. exf4 Qc1+ 42. Kh2 Qxf4+ 43. Kg1) 40... Qc1+ {[%mdl 64] Double Attack} 41. Kh2 Qxf4+ {[%mdl 64] Double Attack} 42. Kh1 Qc1+ 43. Kh2 Qf4+ {[%mdl 64] Double Attack} 44. Kg1 Qc1+ 45. Kh2 Qf4+ {[%mdl 64] Double Attack.  Weighted Error Value: White=0.19/Black=0.25} 1/2-1/2

[Event "African Online-ch Open 2021"]
[Site "Online"]
[Date "2021.02.01"]
[Round "4.21"]
[White "Strovsky, Mikhail"]
[Black "Pascoal, Eduardo A"]
[Result "0-1"]
[WhiteElo "2164"]
[BlackElo "2184"]
[Annotator "TA"]
[PlyCount "72"]
[EventDate "2021.02.01"]
[EventType "swiss"]
[EventCountry "NET"]
[SourceTitle "playchess.com"]
[Source "ChessBase"]
[SourceQuality "1"]

{[%evp 14,72,-3,-4,14,-24,-11,-30,2,-89,-34,-93,-60,-126,-113,-130,-126,-152,-150,-147,-84,-83,-86,-85,-83,-82,-84,-70,-76,-78,-31,-33,-23,-42,-42,-42,-49,-39,-50,-77,-68,-72,-32,-80,-67,-155,-154,-239,-232,-283,-269,-429,-422,-389,-381,-1399,-1379,-5373,-5269,-5185,-5177]} 1. e4 e6 2. d4 d5 3. Nc3 Nf6 4. Bg5 Bb4 5. Nge2 dxe4 6. a3 Be7 7. Bxf6 Bxf6 8. Nxe4 b6 {C12: French: Classical System: McCutcheon Variation.} (8... Nc6 {seems wilder.} 9. c3 Be7 10. N2g3 O-O 11. Bc4 Na5) 9. Nxf6+ (9. g3 {feels hotter.} Nd7 10. Bg2 Rb8 11. c4 O-O 12. Qc2) 9... Qxf6 {[#]} 10. Qd3 $146 ({Predecessor:} 10. Ng3 O-O 11. Bd3 Bb7 12. O-O Nd7 13. c3 c5 14. Be4 Bxe4 15. Nxe4 Qe7 16. dxc5 Nxc5 17. Nxc5 Qxc5 {1-0 (50) Velicka,P (2417)-Taggatz,M (2259) Bayern 2013}) 10... Bb7 {Black has an edge.} 11. f3 (11. Qg3 $11 {remains equal.}) 11... O-O ({Better is} 11... Nc6 $17) 12. O-O-O (12. Qc3 $1 $15) 12... Rd8 13. Kb1 (13. Qe3 $15) 13... c5 $17 14. c3 Nc6 15. Qe3 cxd4 16. cxd4 Ba6 ({Black should try} 16... Rac8 17. Nc3 Nxd4) 17. Nc3 Bxf1 18. Ne4 Qh6 19. Qxh6 gxh6 20. Rhxf1 Nxd4 21. Rd3 f5 22. Nc3 Nc6 23. Rfd1 Rxd3 24. Rxd3 $15 {[%mdl 4096] Endgame KRN-KRN} Rd8 25. Kc2 Kf7 26. Nb5 Rxd3 27. Kxd3 $17 {KN-KN} e5 28. Nd6+ Ke6 29. Nc4 (29. Nb5 $15) 29... h5 30. b4 {[#]} (30. Ne3 $17) 30... h4 $1 $19 31. Nd2 {[#]} Kd5 32. g3 (32. Nf1 $142) 32... hxg3 33. hxg3 Nd4 34. g4 $2 {[#]} (34. Nb1 Nxf3 35. Nc3+ Kc6 36. Ne2) 34... Nxf3 $1 {[%mdl 512] Black is clearly winning.} 35. Nf1 (35. Nb1 fxg4) 35... f4 36. Ke2 e4 {Weighted Error Value: White=0.89/Black=0.09} 0-1

[Event "African Online-ch Open 2021"]
[Site "Online"]
[Date "2021.02.01"]
[Round "4.22"]
[White "Fernandes, Avelino"]
[Black "Ebersohn, Raymond Gerhard"]
[Result "1-0"]
[WhiteElo "1887"]
[BlackElo "1726"]
[Annotator "NA RC"]
[PlyCount "111"]
[EventDate "2021.02.01"]
[EventType "swiss"]
[EventCountry "NET"]
[SourceTitle "playchess.com"]
[Source "ChessBase"]
[SourceQuality "1"]
[TimeControl "1500+10"]

1. d4 {[%emt 0:00:00]} Nf6 {[%emt 0:00:16]} 2. Bf4 {[%emt 0:00:09]} d5 {[%emt 0:00:10]} 3. e3 {[%emt 0:00:05]} c5 {[%emt 0:00:05]} 4. c3 {[%emt 0:00:03]} Nc6 {[%emt 0:00:11]} 5. Bg3 {[%emt 0:00:10]} Qb6 {[%emt 0:00:07]} 6. Qb3 {[%emt 0:00:49]} e6 {[%emt 0:01:22]} 7. Nd2 {[%emt 0:00:18]} Bd7 {[%emt 0:00:11]} 8. Ngf3 {[%emt 0:00:05]} Rc8 {[%emt 0:00:53]} 9. Be2 {[%emt 0:00:05]} Be7 {[%emt 0:00:33]} 10. h3 {[%emt 0:00:06]} O-O {[%emt 0:00:10]} 11. O-O {[%emt 0:00:04]} Na5 {[%emt 0:00:21]} 12. Qxb6 {[%emt 0:00:12]} axb6 {[%emt 0:00:04]} 13. Ne5 {[%emt 0:00:06]} Nc6 {[%emt 0:00:31]} 14. f4 {[%emt 0:00:06]} Rfd8 {[%emt 0:00:59]} 15. Bh2 {[%emt 0:01:02]} g6 {[%emt 0:01:20]} 16. Bd3 {[%emt 0:00:12]} Be8 {[%emt 0:00:29]} 17. g4 {[%emt 0:00:06]} Nd7 {[%emt 0:00:13]} 18. Rf3 {[%emt 0:00:33]} f6 {[%emt 0:00:55]} 19. Nxc6 {[%emt 0:00:32]} bxc6 {[%emt 0:00:08]} 20. f5 {[%emt 0:00:02]} e5 {[%emt 0:04:18]} 21. Ba6 {[%emt 0:01:47]} Rc7 {[%emt 0:00:11]} 22. dxe5 {[%emt 0:07:59]} fxe5 {[%emt 0:00:04]} 23. e4 {[%emt 0:01:02]} Ra7 {[%emt 0:00:07]} 24. Bf1 {[%emt 0:00:14]} Bg5 {[%emt 0:03:02]} 25. Rf2 {[%emt 0:02:14]} Be3 {[%emt 0:00:09]} 26. Kg2 {[%emt 0:00:05]} Bxf2 {[%emt 0:00:04]} 27. Kxf2 {[%emt 0:00:03]} Bf7 {[%emt 0:02:02]} 28. a3 {[%emt 0:00:07]} Re8 {[%emt 0:00:26]} 29. Rd1 {[%emt 0:00:16]} gxf5 {[%emt 0:00:31]} 30. exf5 {[%emt 0:00:19]} e4 {[%emt 0:01:21]} 31. Ke3 {[%emt 0:00:06]} c4 {[%emt 0:00:32]} 32. Be2 {[%emt 0:01:54]} Nc5 {[%emt 0:00:13]} 33. g5 {[%emt 0:01:22]} Nd3 {[%emt 0:00:09]} 34. Rb1 {[%emt 0:00:05]} c5 {[%emt 0:00:19]} 35. Bg4 {[%emt 0:00:24]} Rd7 {[%emt 0:00:40]} 36. f6 {[%emt 0:00:28]} Be6 {[%emt 0:00:07]} 37. Bh5 {[%emt 0:00:17]} d4+ {[%emt 0:02:08]} 38. Ke2 {[%emt 0:01:07]} Bf7 {[%emt 0:00:48]} 39. Bxf7+ {[%emt 0:00:12]} Kxf7 {[%emt 0:00:04]} 40. Nxc4 {[%emt 0:00:05]} Re6 {[%emt 0:00:16]} 41. a4 {[%emt 0:01:07]} Ra7 {[%emt 0:00:50]} 42. b3 {[%emt 0:00:05]} b5 {[%emt 0:00:10]} 43. Nd6+ {[%emt 0:00:07]} Rxd6 {[%emt 0:00:03]} 44. Bxd6 {[%emt 0:00:03]} bxa4 {[%emt 0:00:02]} 45. cxd4 {[%emt 0:00:05]} cxd4 {[%emt 0:00:20]} 46. bxa4 {[%emt 0:00:04]} Rd7 {[%emt 0:00:30]} 47. Rb6 {[%emt 0:00:23]} Kg6 {[%emt 0:00:29]} 48. h4 {[%emt 0:00:10]} Kh5 {[%emt 0:00:44]} 49. a5 {[%emt 0:00:14]} Kg4 {[%emt 0:00:26]} 50. a6 {[%emt 0:00:05]} Nf4+ {[%emt 0:00:08]} 51. Bxf4 {[%emt 0:01:07]} Kxf4 {[%emt 0:00:04]} 52. f7 {[%emt 0:00:02]} d3+ {[%emt 0:00:04]} 53. Kd1 {[%emt 0:00:04]} Rd8 {[%emt 0:00:37]} 54. Rf6+ {[%emt 0:00:05]} Ke3 {[%emt 0:00:04]} 55. f8=Q {[%emt 0:00:04]} Rd5 {[%emt 0:00:04]} 56. Qb4 {[%emt 0:00:13]} 1-0

[Event "African Online-ch Open 2021"]
[Site "Online"]
[Date "2021.02.01"]
[Round "5.1"]
[White "Bellahcene, Bilel"]
[Black "Rakotomaharo, Fy Antenaina"]
[Result "0-1"]
[WhiteElo "2510"]
[BlackElo "2422"]
[Annotator "TA"]
[PlyCount "82"]
[EventDate "2021.02.01"]
[EventType "swiss"]
[EventCountry "NET"]
[SourceTitle "playchess.com"]
[Source "ChessBase"]
[SourceQuality "1"]

{[%evp 15,82,0,6,0,0,0,29,22,28,15,35,25,38,-32,-38,-34,-26,-27,-17,-22,33,35,56,38,86,76,98,33,66,67,78,0,0,-4,0,-14,-11,-49,-20,-13,0,-122,-114,-133,-22,-22,-27,-40,-27,-13,0,0,0,0,0,0,0,0,0,0,0,-45,0,-17,-17,-306,-291,-29990,-29991]} 1. d4 Nf6 2. Nf3 g6 3. c4 Bg7 4. Nc3 d5 5. cxd5 Nxd5 6. e4 Nxc3 7. bxc3 c5 8. h3 O-O 9. Be3 {D85: Exchange Grünfeld: Unusual White 7th moves and lines with 7 Nf3.} Qa5 {aiming for ...cxd4.} 10. Bd2 {outshines the older 10.Qd2.} Nc6 {[%cal Rc5d4]} 11. Be2 {White has an edge.} Qa3 {[%cal Rc5d4]} 12. d5 Ne5 13. Nxe5 Bxe5 {[#]} 14. O-O $146 (14. Qb3 $14 Qa5 15. f4) ({Predecessor:} 14. Qb3 Qxb3 15. axb3 e6 16. f4 Bf6 17. Bc4 Bd7 18. dxe6 fxe6 19. O-O b5 20. Be2 {1-0 (62) Tugstumur,Y (2116)-Omorjan,D (2292) Paracin 2018}) 14... Bxc3 $15 15. Bxc3 Qxc3 16. Rc1 Qe5 17. Qd3 f5 (17... b6 $11) 18. Rxc5 $14 fxe4 19. Qe3 Bf5 20. g4 Bc8 {[#]} 21. Rc4 (21. Rfc1 $1 $16) 21... Qd6 22. Rxe4 Rf7 23. Re5 (23. Rd1 $16) 23... Bd7 $11 24. f4 Rc8 25. Bd1 a5 26. h4 Qb4 27. Re4 Rc3 28. Qe1 (28. Rxb4 $11 Rxe3 29. Rxb7 Bxg4 30. Rb3 (30. Bxg4 Rg3+ {[%mdl 64] Double Attack} 31. Kh2 Rxg4 $15 {[%mdl 64] Double Attack}) (30. Rb8+ Kg7 $15) 30... Rxb3 31. Bxb3) 28... Qc5+ $17 29. Kh2 Qxd5 ({Black should play} 29... h5 $17 30. Qf2 Qxf2+ 31. Rxf2 hxg4) 30. Qxc3 $11 Qxe4 31. Qd2 e6 {...Bb5 is the strong threat.} 32. Kg3 $1 Bc6 {Threatens to win with ...Rd7.} 33. Bf3 $1 {[%cal Rf3e4]} Qc4 34. Rc1 Qa4 $36 {[%mdl 2048] Black is more active.} 35. Bxc6 bxc6 {[%mdl 4096] Endgame KQR-KQR} 36. Re1 Qa3+ 37. Re3 Qb4 38. Qf2 Qd6 39. Qf3 e5 40. f5 {[%mdl 8192]} (40. Rxe5 $11 {and White stays safe.} Qxe5 41. fxe5 Rxf3+ 42. Kxf3) 40... gxf5 $19 {Strongly threatening ...f4+.} 41. gxf5 {[#]} (41. Rd3 $19 f4+ 42. Kg2) 41... e4+ $1 {[%mdl 64] Discovered Attack.  Weighted Error Value: White=0.46/Black=0.17} 0-1

[Event "African Online-ch Open 2021"]
[Site "Online"]
[Date "2021.02.01"]
[Round "5.2"]
[White "Adly, Ahmed"]
[Black "Beukes, Dante M"]
[Result "1-0"]
[WhiteElo "2615"]
[BlackElo "2206"]
[Annotator "TA"]
[PlyCount "71"]
[EventDate "2021.02.01"]
[EventType "swiss"]
[EventCountry "NET"]
[SourceTitle "playchess.com"]
[Source "ChessBase"]
[SourceQuality "1"]

{[%evp 17,71,33,21,0,0,0,29,19,26,10,12,8,12,0,64,58,54,53,64,15,24,9,31,39,65,31,144,64,98,96,177,172,168,175,249,248,236,187,287,292,343,340,337,332,359,289,377,372,672,659,841,783,839,873,797,770]} 1. Nf3 Nf6 2. g3 g6 3. Bg2 Bg7 4. O-O O-O 5. c4 d6 6. d4 Nc6 7. Nc3 e5 8. dxe5 {now supersedes 8.d5.} dxe5 9. Bg5 Be6 10. b3 {E62: King's Indian: Fianchetto: 6...c6 and Panno Variation (6...Nc6) without ...a6.} h6 11. Be3 Ng4 12. Bc5 {White has an edge.} Re8 13. e4 b6 14. Ba3 Nd4 15. h3 (15. Re1 {keeps more tension.} c5 16. Nd5 Bd7 17. Bb2 Rc8 18. Qd2) 15... Nxf3+ (15... Nf6 $11) 16. Qxf3 $14 Nf6 17. Rfd1 $36 {[%mdl 2048] White has good play.} Qc8 18. Kh2 {[#]} c6 $146 ({Predecessor:} 18... a6 19. Rac1 c5 20. Nd5 Nxd5 21. cxd5 Bd7 22. Bf1 Bb5 23. Bc4 Qd7 24. Qe2 Rec8 {1-0 (46) Davtyan,A (1749)-Trajkovic,M (1587) Budva 2013}) 19. Bd6 Nh7 20. Qe2 h5 21. Rac1 c5 {[#]} (21... h4 $14) 22. b4 ({White should try} 22. f4 $1 $16) 22... Qa6 23. Nb5 Rac8 {[#]} (23... cxb4 $16 24. Nc7 (24. Bxb4 Rec8 $14) 24... Qa3) 24. bxc5 $1 $18 bxc5 25. Nc7 {[%mdl 64] Double Attack} Qc6 (25... Rxc7 $142 26. Bxc7 Qc6) 26. Nxe8 Rxe8 27. Qe3 Rc8 (27... Bf8 $142) 28. Qc3 f6 29. f4 exf4 30. gxf4 Qa4 31. Qb3 Qa5 32. Qb7 {Black must now prevent f5!} Qd8 $2 (32... Qb6 33. Qe7 Bf7) 33. f5 {White is clearly winning.} gxf5 34. exf5 Bf7 35. Bf4 Qe8 36. Rd7 {Weighted Error Value: White=0.13/Black=0.52} 1-0